LEADER 01684nas 2200541-- 450 001 9910134221803321 005 20240915213022.0 011 $a2053-7395 035 $a(DE-599)ZDB2750286-7 035 $a(CKB)954925415950 035 $a(CONSER)---76641354- 035 $a(EXLCZ)99954925415950 100 $a20760713a19649999 --- a 101 0 $aeng 181 $ctxt$2rdacontent 182 $cc$2rdamedia 183 $acr$2rdacarrier 200 00$aJournal of music therapy 210 $a[Silver Spring, Md., etc.]$cNational Association for Music Therapy 210 3 $aCary, NC $cOxford University Press 215 $a1 online resource 311 08$aPrint version: Journal of music therapy. (DLC) 76641354 (OCoLC)2308498 0022-2917 531 $aJ MUSIC THER 531 $aJOURNAL OF MUSIC THERAPY 531 $aJ. MUSIC THER 531 0 $aJ. music ther. 606 $aMusic therapy$vPeriodicals 606 $aMusicothérapie$vPériodiques 606 $a77.74 occupational therapy$3(NL-LeOCL)07759813X$2bcl 606 $aMusic therapy$2fast$3(OCoLC)fst01030628 606 $aMuziektherapie$2gtt 606 $aMusic Therapy 608 $aPeriodicals.$2fast 608 $aPeriodicals.$2lcgft 608 $aPeriodical. 615 0$aMusic therapy 615 6$aMusicothérapie 615 7$a77.74 occupational therapy. 615 7$aMusic therapy. 615 17$aMuziektherapie. 615 2$aMusic Therapy. 676 $a615/.837/05 712 02$aNational Association for Music Therapy. 906 $aJOURNAL 912 $a9910134221803321 920 $aexl_impl conversion 996 $aJournal of music therapy$91909583 997 $aUNINA